[Event "Budapest FS03 FM-A"]
[Site "Budapest"]
[Date "2008.03.11"]
[Round "11"]
[White "Puschmann, Laszlo"]
[Black "Bertok, Bela"]
[Result "0-1"]
[WhiteElo "2195"]
[BlackElo "2050"]
[PlyCount "76"]
[EventDate "2008.03.01"]
[EventType "tourn"]
[EventRounds "13"]
[EventCountry "HUN"]
[SourceTitle "CBM 123 Extra"]
[Source "ChessBase"]
[SourceDate "2008.05.06"]
[SourceVersion "1"]
[SourceVersionDate "2008.05.06"]
[SourceQuality "1"]

1. d4 Nf6 2. Bg5 e6 3. e3 d5 4. Bd3 c5 5. c3 Nc6 6. f4 Be7 7. Nd2 b6 8. Ngf3 h6 9. Bxf6 Bxf6 10. 0-0 Qc7 11. Ne5 Nxe5 12. fxe5 Bg5 13. Rf3 0-0 14. Qe2 Bb7 15. Raf1 Bc6 16. Qf2 f5 17. g4 g6 18. h4 Be7 19. h5 Be8 20. hxg6 Bxg6 21. gxf5 exf5 22. Rh3 Bg5 23. Qg2 Qc6 24. Kh1 cxd4 25. cxd4 Qe6 26. Nb1 Rad8 27. Nc3 Rd7 28. Ne2 Rg7 29. Nc3 Rd8 30. Kh2 f4 31. Bxg6 Rxg6 32. e4 Bh4 33. Rxh4 Rxg2+ 34. Kxg2 dxe4 35. Nxe4 Rxd4 36. Rfxf4 Rd8 37. Nf6+ Kf7 38. Ng4+ Ke7 0-1

[Event "Budapest FS03 FM-A"]
[Site "Budapest"]
[Date "2008.03.10"]
[Round "10"]
[White "Schutz, Peter"]
[Black "Puschmann, Laszlo"]
[Result "1/2-1/2"]
[WhiteElo "1936"]
[BlackElo "2195"]
[PlyCount "35"]
[EventDate "2008.03.01"]
[EventType "tourn"]
[EventRounds "13"]
[EventCountry "HUN"]
[SourceTitle "CBM 123 Extra"]
[Source "ChessBase"]
[SourceDate "2008.05.06"]
[SourceVersion "1"]
[SourceVersionDate "2008.05.06"]
[SourceQuality "1"]

1. e4 c5 2. Nc3 Nc6 3. f4 g6 4. Nf3 Bg7 5. Bc4 e6 6. 0-0 Nge7 7. Qe1 a6 8. a4 Nb4 9. Qd1 d5 10. Be2 b6 11. d3 Bb7 12. Bd2 Qc7 13. Nh4 dxe4 14. dxe4 0-0 15. Qc1 Rad8 16. f5 exf5 17. exf5 Qe5 18. Bf4 1/2-1/2

[Event "Budapest FS03 FM-A"]
[Site "Budapest"]
[Date "2008.03.08"]
[Round "8"]
[White "Juhasz, Kristof"]
[Black "Puschmann, Laszlo"]
[Result "1/2-1/2"]
[WhiteElo "2106"]
[BlackElo "2195"]
[PlyCount "31"]
[EventDate "2008.03.01"]
[EventType "tourn"]
[EventRounds "13"]
[EventCountry "HUN"]
[SourceTitle "CBM 123 Extra"]
[Source "ChessBase"]
[SourceDate "2008.05.06"]
[SourceVersion "1"]
[SourceVersionDate "2008.05.06"]
[SourceQuality "1"]

1. d4 Nf6 2. c4 e6 3. Nf3 d5 4. g3 c6 5. Bg2 Bb4+ 6. Bd2 Bxd2+ 7. Nbxd2 Nbd7 8. 0-0 0-0 9. Qc2 b5 10. c5 a5 11. e4 Ra7 12. a3 Nh5 13. Ne5 Nxe5 14. dxe5 g6 15. b4 f5 16. exf6 1/2-1/2

[Event "Budapest FS03 FM-A"]
[Site "Budapest"]
[Date "2008.03.06"]
[Round "6"]
[White "Letay, Gyula"]
[Black "Puschmann, Laszlo"]
[Result "1/2-1/2"]
[WhiteElo "2130"]
[BlackElo "2195"]
[PlyCount "34"]
[EventDate "2008.03.01"]
[EventType "tourn"]
[EventRounds "13"]
[EventCountry "HUN"]
[SourceTitle "CBM 123 Extra"]
[Source "ChessBase"]
[SourceDate "2008.05.06"]
[SourceVersion "1"]
[SourceVersionDate "2008.05.06"]
[SourceQuality "1"]

1. e4 e5 2. Nf3 Nc6 3. Bc4 Bc5 4. c3 Nf6 5. d4 exd4 6. cxd4 Bb4+ 7. Nc3 Nxe4 8. Qb3 0-0 9. 0-0 Nxc3 10. bxc3 Be7 11. Qb5 a6 12. Qd5 Bf6 13. Ng5 Ne7 14. Qxf7+ Rxf7 15. Nxf7 Qf8 16. Nh6+ Kh8 17. Nf7+ Kg8 1/2-1/2

[Event "HUN-chT2 Charousek 0708"]
[Site "Hungary"]
[Date "2007.12.09"]
[Round "4"]
[White "Puschmann, Laszlo"]
[Black "Karsa, Laszlo"]
[Result "1/2-1/2"]
[WhiteElo "2204"]
[BlackElo "2345"]
[PlyCount "31"]
[EventDate "2007.10.14"]
[EventType "team"]
[EventRounds "11"]
[EventCountry "HUN"]
[SourceTitle "EXT 2009"]
[Source "ChessBase"]
[SourceDate "2008.11.26"]
[SourceVersion "1"]
[SourceVersionDate "2008.11.26"]
[SourceQuality "1"]
[WhiteTeam "Vizugy"]
[BlackTeam "Pannonpower"]
[WhiteTeamCountry "HUN"]
[BlackTeamCountry "HUN"]

1. d4 Nf6 2. Nf3 e6 3. Bf4 b6 4. e3 Bb7 5. Nbd2 c5 6. c3 Nc6 7. Bd3 Be7 8. h3 cxd4 9. exd4 0-0 10. 0-0 d6 11. Bh2 a6 12. a4 Re8 13. Re1 Bf8 14. Nc4 Na5 15. Nfd2 Nxc4 16. Nxc4 1/2-1/2

[Event "Budapest FS10 FM-A"]
[Site "Budapest"]
[Date "2007.10.15"]
[Round "10"]
[White "Darazs, Zoltan"]
[Black "Puschmann, Laszlo"]
[Result "1-0"]
[WhiteElo "2256"]
[BlackElo "2204"]
[PlyCount "55"]
[EventDate "2007.10.06"]
[EventType "tourn"]
[EventRounds "11"]
[EventCountry "HUN"]
[SourceTitle "CBM 120 Extra"]
[Source "ChessBase"]
[SourceDate "2007.11.01"]
[SourceVersion "1"]
[SourceVersionDate "2007.11.01"]
[SourceQuality "1"]

1. e4 g6 2. d4 Bg7 3. Nc3 c6 4. Nf3 d6 5. Be2 Nf6 6. 0-0 0-0 7. h3 b5 8. a3 a6 9. Bf4 Ne8 10. Qd2 Nd7 11. Bh6 Nb6 12. Bxg7 Kxg7 13. a4 bxa4 14. Nxa4 Nxa4 15. Rxa4 Qd7 16. Rfa1 Nc7 17. d5 f6 18. dxc6 Qxc6 19. Nd4 Qd7 20. Rc4 e5 21. Qa5 Ra7 22. Nc6 Rb7 23. Rd1 h5 24. Nb8 Qf7 25. Nxa6 Ne6 26. Rxd6 Rxb2 27. Rcc6 Rb1+ 28. Kh2 1-0

[Event "Budapest FS10 FM-A"]
[Site "Budapest"]
[Date "2007.10.14"]
[Round "9"]
[White "Puschmann, Laszlo"]
[Black "Borda, Lajos"]
[Result "1/2-1/2"]
[WhiteElo "2204"]
[BlackElo "2191"]
[PlyCount "38"]
[EventDate "2007.10.06"]
[EventType "tourn"]
[EventRounds "11"]
[EventCountry "HUN"]
[SourceTitle "CBM 120 Extra"]
[Source "ChessBase"]
[SourceDate "2007.11.01"]
[SourceVersion "1"]
[SourceVersionDate "2007.11.01"]
[SourceQuality "1"]

1. d4 Nf6 2. Nf3 e6 3. Bf4 b6 4. e3 Nh5 5. Bg3 Bb7 6. Nbd2 f5 7. Ne5 g6 8. Be2 Bxg2 9. Rg1 Nxg3 10. Rxg2 Nxe2 11. Qxe2 Bg7 12. 0-0-0 d5 13. Ndf3 Qd6 14. h4 Nd7 15. Nxd7 Qxd7 16. h5 0-0-0 17. Rdg1 Kb7 18. hxg6 hxg6 19. Rxg6 Rh7 1/2-1/2

[Event "Budapest FS10 FM-A"]
[Site "Budapest"]
[Date "2007.10.10"]
[Round "5"]
[White "Puschmann, Laszlo"]
[Black "Gibson, Christopher A"]
[Result "1/2-1/2"]
[WhiteElo "2204"]
[BlackElo "2032"]
[PlyCount "46"]
[EventDate "2007.10.06"]
[EventType "tourn"]
[EventRounds "11"]
[EventCountry "HUN"]
[SourceTitle "CBM 120 Extra"]
[Source "ChessBase"]
[SourceDate "2007.11.01"]
[SourceVersion "1"]
[SourceVersionDate "2007.11.01"]
[SourceQuality "1"]

1. d4 Nf6 2. Bg5 Ne4 3. Bf4 c5 4. f3 Qa5+ 5. c3 Nf6 6. d5 Qb6 7. b3 e6 8. e4 exd5 9. exd5 Bd6 10. Be3 0-0 11. Kf2 Be5 12. Bc4 d6 13. Ne2 Re8 14. h3 g6 15. Qc1 a6 16. a4 Qc7 17. Nd2 Nfd7 18. f4 Bg7 19. Re1 b6 20. Ng3 Nf6 21. Nf3 Bb7 22. Qd2 Nbd7 23. Qd3 b5 1/2-1/2

[Event "HUN-chT 0405"]
[Site "Hungary"]
[Date "2004.12.19"]
[Round "5"]
[White "Puschmann, Laszlo"]
[Black "Ignacz, Rozsa"]
[Result "1-0"]
[WhiteElo "2263"]
[BlackElo "1897"]
[PlyCount "67"]
[EventDate "2004.09.26"]
[EventType "team-tourn"]
[EventRounds "11"]
[EventCountry "HUN"]
[SourceTitle "EXT 2011"]
[Source "ChessBase"]
[SourceDate "2010.11.26"]
[SourceVersion "1"]
[SourceVersionDate "2010.11.26"]
[SourceQuality "1"]
[WhiteTeam "PMSE"]
[BlackTeam "Honved"]
[WhiteTeamCountry "HUN"]
[BlackTeamCountry "HUN"]

1. Nf3 Nf6 2. g3 d5 3. Bg2 c6 4. 0-0 Bf5 5. d3 e6 6. b3 Bd6 7. Bb2 Nbd7 8. Nbd2 h6 9. e4 Bg4 10. Qe1 Bc7 11. h3 Bxf3 12. Nxf3 dxe4 13. dxe4 0-0 14. Rd1 Qe7 15. Nd2 Be5 16. Bxe5 Nxe5 17. f4 Qc5+ 18. Qf2 Ned7 19. e5 Qxf2+ 20. Kxf2 Nd5 21. Ne4 Rfd8 22. c4 Ne7 23. Nd6 Rab8 24. Rd2 Nc8 25. Rfd1 Ncb6 26. b4 Kf8 27. a4 Nxa4 28. Ra1 Nab6 29. Rxa7 Ke7 30. Nxb7 Nc8 31. Nxd8 Nxa7 32. Nxc6+ Nxc6 33. Bxc6 Nb6 34. Rd4 1-0

[Event "Budapest Infineon FM 2nd"]
[Site "Budapest"]
[Date "2004.07.03"]
[Round "9"]
[White "Dobos, Otto"]
[Black "Puschmann, Laszlo"]
[Result "0-1"]
[WhiteElo "2035"]
[BlackElo "2283"]
[PlyCount "90"]
[EventDate "2004.06.25"]
[EventType "tourn"]
[EventRounds "10"]
[EventCountry "HUN"]
[SourceTitle "CBM 101 Extra"]
[Source "ChessBase"]
[SourceDate "2004.09.01"]
[SourceVersion "2"]
[SourceVersionDate "2004.09.01"]
[SourceQuality "1"]

1. d4 d6 2. Nf3 Bg4 3. Nbd2 g6 4. h3 Bd7 5. e3 Bg7 6. c3 Nf6 7. Bc4 0-0 8. 0-0 c5 9. Qb3 Qc7 10. Ng5 e6 11. dxc5 dxc5 12. Ngf3 Nc6 13. Be2 e5 14. Re1 h6 15. Nf1 e4 16. N3h2 Ne5 17. c4 Bc6 18. Bd2 a6 19. Bc3 Nfd7 20. a4 b6 21. Qc2 f5 22. b3 Qb7 23. Rad1 Rf7 24. Rd2 h5 25. Red1 Re8 26. Rd6 Kh7 27. R6d2 Ref8 28. b4 cxb4 29. Bxb4 Nc5 30. Bxc5 bxc5 31. a5 Rb8 32. g4 fxg4 33. hxg4 h4 34. Rd8 Rxd8 35. Rxd8 Qe7 36. Rd2 Qf6 37. Bd1 Rb7 38. f4 exf3 39. Kf2 Rb4 40. g5 Qf7 41. Qa2 Qf5 42. Bc2 Qxg5 43. Ke1 Nxc4 44. Rd3 Qg2 45. Nxf3 Bxf3 0-1

[Event "Budapest Infineon FM 2nd"]
[Site "Budapest"]
[Date "2004.07.01"]
[Round "7"]
[White "Jonas, Daniel"]
[Black "Puschmann, Laszlo"]
[Result "1/2-1/2"]
[WhiteElo "1961"]
[BlackElo "2283"]
[PlyCount "43"]
[EventDate "2004.06.25"]
[EventType "tourn"]
[EventRounds "10"]
[EventCountry "HUN"]
[SourceTitle "CBM 101 Extra"]
[Source "ChessBase"]
[SourceDate "2004.09.01"]
[SourceVersion "2"]
[SourceVersionDate "2004.09.01"]
[SourceQuality "1"]

1. e4 c5 2. c3 b6 3. d4 Bb7 4. Bd3 Nf6 5. f3 cxd4 6. cxd4 Nc6 7. Be3 e5 8. d5 Nb4 9. Be2 Nxe4 10. fxe4 Qh4+ 11. Kf1 Qxe4 12. Bf2 Bc5 13. Nc3 Qf5 14. Nf3 Bxf2 15. Kxf2 e4 16. g4 Qg6 17. Nh4 Qf6+ 18. Nf5 0-0 19. Qd4 Qxd4+ 20. Nxd4 Nxd5 21. Nxd5 Bxd5 22. Ke3 1/2-1/2

[Event "Budapest Infineon FM 2nd"]
[Site "Budapest"]
[Date "2004.06.29"]
[Round "5"]
[White "Winkelmann, Elena"]
[Black "Puschmann, Laszlo"]
[Result "0-1"]
[WhiteElo "1920"]
[BlackElo "2283"]
[PlyCount "96"]
[EventDate "2004.06.25"]
[EventType "tourn"]
[EventRounds "10"]
[EventCountry "HUN"]
[SourceTitle "CBM 101 Extra"]
[Source "ChessBase"]
[SourceDate "2004.09.01"]
[SourceVersion "2"]
[SourceVersionDate "2004.09.01"]
[SourceQuality "1"]

1. Nc3 c5 2. e4 Nc6 3. f4 a6 4. Nf3 b5 5. a4 b4 6. Ne2 Bb7 7. Ng3 h5 8. h4 Qc7 9. d4 Nxd4 10. Nxd4 cxd4 11. Qxd4 e6 12. Bd3 Nf6 13. Be3 d5 14. exd5 Bxd5 15. Rg1 Be7 16. Qb6 Qxb6 17. Bxb6 Nd7 18. Bf2 Bxh4 19. Ne4 Be7 20. b3 f5 21. Nd2 Nc5 22. Be2 Ne4 23. Nxe4 Bxe4 24. Rc1 Kf7 25. Bd3 Bd5 26. g3 g5 27. fxg5 Bxg5 28. Rd1 Bf3 29. Be2 Bxe2 30. Kxe2 Rhd8 31. Rxd8 Rxd8 32. Rd1 Rxd1 33. Kxd1 e5 34. Ke2 e4 35. Bc5 Be7 36. Be3 Bd6 37. Kf2 Ke6 38. Kg2 Kd5 39. Bd2 Bc5 40. Kf1 e3 41. Be1 Ke4 42. Ke2 Bd6 43. a5 Bc7 44. Bxb4 Bxg3 45. c4 f4 46. c5 f3+ 47. Kf1 e2+ 48. Kg1 f2+ 0-1

[Event "HUN-chT2 Charousek 0304"]
[Site "Hungary"]
[Date "2004.04.18"]
[Round "11"]
[White "Kovacs, David"]
[Black "Puschmann, Laszlo"]
[Result "0-1"]
[WhiteElo "1988"]
[BlackElo "2276"]
[PlyCount "55"]
[EventDate "2003.09.28"]
[EventType "team"]
[EventRounds "11"]
[EventCountry "HUN"]
[SourceTitle "EXT 2005"]
[Source "ChessBase"]
[SourceDate "2004.11.15"]
[SourceVersion "1"]
[SourceVersionDate "2004.11.15"]
[SourceQuality "1"]

1. e4 g6 2. d4 Bg7 3. Nc3 c6 4. Bc4 d6 5. Qf3 e6 6. Nge2 b5 7. Bb3 a5 8. a4 b4 9. Nb1 Ba6 10. c4 Nd7 11. Be3 Ne7 12. Qg3 e5 13. f4 0-0 14. Nd2 Kh8 15. Nf3 d5 16. fxe5 dxc4 17. Bc2 b3 18. Bd1 f6 19. Nf4 Qc8 20. e6 Nb6 21. d5 cxd5 22. Bxb6 c3 23. exd5 c2 24. d6 Nf5 25. Qh3 Bh6 26. Be3 Bxf4 27. Bxf4 cxd1Q+ 28. Kxd1 0-1

[Event "Budapest FS10 FM-A"]
[Site "Budapest"]
[Date "2003.10.06"]
[Round "3"]
[White "Puschmann, Laszlo"]
[Black "Szirmai, Eduard"]
[Result "1/2-1/2"]
[WhiteElo "2276"]
[BlackElo "2150"]
[PlyCount "56"]
[EventDate "2003.10.04"]
[EventType "tourn"]
[EventRounds "11"]
[EventCountry "HUN"]
[SourceTitle "EXT 2004"]
[Source "ChessBase"]
[SourceDate "2003.11.25"]
[SourceVersion "1"]
[SourceVersionDate "2003.11.25"]
[SourceQuality "1"]

1. d4 Nf6 2. c3 g6 3. g3 Bg7 4. Bg2 0-0 5. e4 d6 6. Ne2 c6 7. 0-0 Na6 8. h3 Nc7 9. Bg5 h6 10. Be3 e5 11. f4 d5 12. fxe5 Nxe4 13. Nd2 Nxd2 14. Qxd2 Kh7 15. g4 Ne6 16. Nf4 Qe7 17. Rae1 Bd7 18. b3 b5 19. Nd3 Qh4 20. Re2 Rae8 21. Bf2 Qd8 22. Qc2 Ng5 23. Nc5 Bc8 24. Bg3 Ne6 25. Nd3 a5 26. Ref2 Kh8 27. Kh2 Qg5 28. Qc1 Rd8 1/2-1/2

[Event "HUN-chT2 Charousek 0304"]
[Site "Hungary"]
[Date "2003.10.05"]
[Round "2"]
[White "Puschmann, Laszlo"]
[Black "Molnar, Jozsef"]
[Result "1/2-1/2"]
[WhiteElo "2276"]
[BlackElo "2138"]
[PlyCount "102"]
[EventDate "2003.09.28"]
[EventType "team"]
[EventRounds "11"]
[EventCountry "HUN"]
[SourceTitle "EXT 2005"]
[Source "ChessBase"]
[SourceDate "2004.11.15"]
[SourceVersion "1"]
[SourceVersionDate "2004.11.15"]
[SourceQuality "1"]

1. d4 d5 2. c3 Nf6 3. Bf4 c6 4. Nd2 Nh5 5. Bxb8 Rxb8 6. e4 g6 7. e5 Qb6 8. b4 a5 9. a3 Bh6 10. Nb3 axb4 11. axb4 0-0 12. Nf3 f6 13. Nc5 Nf4 14. g3 Ne6 15. Nd3 Bd7 16. Be2 Ra8 17. 0-0 f5 18. Kg2 Qc7 19. Qb3 Kg7 20. b5 cxb5 21. Qxd5 Ng5 22. Qc5 Rac8 23. Nxg5 Bxg5 24. f4 Bh6 25. Qxe7+ Rf7 26. Qc5 Qd8 27. Qb4 Bc6+ 28. Kg1 b6 29. Qb2 Qd5 30. Bf3 Qc4 31. Bxc6 Rxc6 32. Nb4 Rc8 33. Rfc1 g5 34. Rf1 gxf4 35. Rf3 fxg3 36. hxg3 f4 37. g4 Kh8 38. Qh2 Qe6 39. Kf2 Bg5 40. Qh5 Rg7 41. Re1 Qb3 42. Rc1 h6 43. Qh3 Rgc7 44. d5 Rc5 45. Nd3 Rxc3 46. Rxc3 Rxc3 47. d6 Qd1 48. Qf1 Rc2+ 49. Kg1 Qd2 50. Qf2 Qd1+ 51. Qf1 Qd2 1/2-1/2

[Event "Budapest Spring op 19th"]
[Site "Budapest"]
[Date "2003.03.19"]
[Round "6"]
[White "Harmatosi, Jozsef"]
[Black "Puschmann, Laszlo"]
[Result "0-1"]
[WhiteElo "2251"]
[BlackElo "2279"]
[PlyCount "88"]
[EventDate "2003.03.14"]
[EventType "swiss"]
[EventRounds "9"]
[EventCountry "HUN"]
[SourceTitle "CBM 093 Extra"]
[Source "ChessBase"]
[SourceDate "2003.05.09"]
[SourceVersion "1"]
[SourceVersionDate "2003.05.09"]
[SourceQuality "1"]

1. d4 Nf6 2. Nf3 d5 3. e3 Bf5 4. c4 e6 5. Qb3 Qc8 6. Nc3 c6 7. Nh4 Bg6 8. Nxg6 hxg6 9. cxd5 exd5 10. e4 Nxe4 11. Nxe4 dxe4 12. Bc4 Qd7 13. a4 Bd6 14. Be3 Qe7 15. 0-0-0 Nd7 16. h4 Nb6 17. Bg5 f6 18. Be3 Nxc4 19. Qxc4 Kf8 20. Kb1 a6 21. Rc1 Rh5 22. g4 Rd5 23. h5 g5 24. h6 g6 25. Qc2 Kg8 26. f3 Re8 27. Rce1 Kh7 28. Bf2 f5 29. gxf5 gxf5 30. fxe4 fxe4 31. Be3 Rf5 32. Qg2 Bf4 33. Rh5 Qf7 34. Rhh1 Qf6 35. Qh3 Re7 36. Qg4 Bxe3 37. Rxe3 Rf4 38. Qd1 Rd7 39. Qb3 Qxd4 40. Qe6 Qd5 41. Qh3 Rf3 42. Rxf3 exf3 43. Qg4 Rf7 44. Ka1 Rf4 0-1

[Event "Budapest Spring op 19th"]
[Site "Budapest"]
[Date "2003.03.17"]
[Round "4"]
[White "Wolter, Michael"]
[Black "Puschmann, Laszlo"]
[Result "1/2-1/2"]
[WhiteElo "2209"]
[BlackElo "2279"]
[PlyCount "64"]
[EventDate "2003.03.14"]
[EventType "swiss"]
[EventRounds "9"]
[EventCountry "HUN"]
[SourceTitle "CBM 093 Extra"]
[Source "ChessBase"]
[SourceDate "2003.05.09"]
[SourceVersion "1"]
[SourceVersionDate "2003.05.09"]
[SourceQuality "1"]

1. d4 Nf6 2. Nf3 g6 3. g3 Bg7 4. Bg2 0-0 5. 0-0 d6 6. c4 Nbd7 7. Qc2 e5 8. Rd1 Qe7 9. e4 exd4 10. Nxd4 Nc5 11. Nc3 c6 12. Bf4 Ne8 13. Qd2 Be5 14. Bh6 Bg7 15. Bf4 Nd7 16. h3 Ne5 17. Qe2 Nc7 18. Rac1 Ne6 19. Nxe6 Bxe6 20. b3 Rfd8 21. Be3 f5 22. Kh2 Nf7 23. exf5 gxf5 24. Bf4 Re8 25. Re1 Be5 26. Qd2 Qf6 27. Be3 Qg7 28. Ne2 Bd7 29. Nf4 b6 30. Nh5 Qg6 31. Nf4 Qg7 32. Nh5 Qg6 1/2-1/2

[Event "Budapest Spring op 19th"]
[Site "Budapest"]
[Date "2003.03.15"]
[Round "2"]
[White "Bognar, Csaba"]
[Black "Puschmann, Laszlo"]
[Result "1/2-1/2"]
[WhiteElo "2161"]
[BlackElo "2279"]
[PlyCount "28"]
[EventDate "2003.03.14"]
[EventType "swiss"]
[EventRounds "9"]
[EventCountry "HUN"]
[SourceTitle "CBM 093 Extra"]
[Source "ChessBase"]
[SourceDate "2003.05.09"]
[SourceVersion "1"]
[SourceVersionDate "2003.05.09"]
[SourceQuality "1"]

1. d4 Nf6 2. c4 e6 3. Nf3 b6 4. g3 Bb7 5. Bg2 Bb4+ 6. Bd2 Bxd2+ 7. Nbxd2 0-0 8. 0-0 d5 9. Ne5 Nbd7 10. Ndf3 c5 11. Rc1 Qe7 12. Qa4 Rfc8 13. Rfd1 Rc7 14. Rc2 Rac8 1/2-1/2

[Event "HUN-chT 0203"]
[Site "Hungary"]
[Date "2003.02.01"]
[Round "5.7"]
[White "Puschmann, Laszlo"]
[Black "Turzo, Attila"]
[Result "0-1"]
[WhiteElo "2279"]
[BlackElo "2365"]
[PlyCount "60"]
[EventDate "2002.09.22"]
[EventType "team"]
[EventRounds "11"]
[EventCountry "HUN"]
[SourceTitle "EXT 2004"]
[Source "ChessBase"]
[SourceDate "2003.11.25"]
[SourceVersion "1"]
[SourceVersionDate "2003.11.25"]
[SourceQuality "1"]
[WhiteTeam "PMSE"]
[BlackTeam "Miskolc"]
[WhiteTeamCountry "HUN"]
[BlackTeamCountry "HUN"]

1. d4 d5 2. Nf3 c6 3. Bf4 Qb6 4. Qc1 Bf5 5. e3 e6 6. Nbd2 Nf6 7. Be2 c5 8. c3 Nc6 9. a4 Rc8 10. 0-0 Be7 11. dxc5 Bxc5 12. a5 Nxa5 13. Qd1 Nc6 14. b4 Be7 15. b5 Nb8 16. Qa4 Bc5 17. Nd4 0-0 18. N4b3 Nbd7 19. Rfc1 Ra8 20. Nxc5 Nxc5 21. Qd4 Nfe4 22. Ra3 f6 23. Nxe4 Bxe4 24. Bg3 Rfd8 25. Rca1 Bg6 26. Qd1 e5 27. f3 Nd3 28. Bxd3 Qxe3+ 29. Bf2 Qxd3 30. Bxa7 Qxb5 0-1

[Event "HUN-chT 0203"]
[Site "Hungary"]
[Date "2002.10.13"]
[Round "2.7"]
[White "Sziraki, Tamas"]
[Black "Puschmann, Laszlo"]
[Result "1-0"]
[WhiteElo "2320"]
[BlackElo "2279"]
[PlyCount "49"]
[EventDate "2002.09.22"]
[EventType "team"]
[EventRounds "11"]
[EventCountry "HUN"]
[SourceTitle "EXT 2004"]
[Source "ChessBase"]
[SourceDate "2003.11.25"]
[SourceVersion "1"]
[SourceVersionDate "2003.11.25"]
[SourceQuality "1"]
[WhiteTeam "BEAC"]
[BlackTeam "PMSE"]
[WhiteTeamCountry "HUN"]
[BlackTeamCountry "HUN"]

1. e4 c5 2. Nf3 Nc6 3. d4 cxd4 4. Nxd4 Nf6 5. Nc3 d6 6. Bg5 e6 7. Qd2 a6 8. 0-0-0 Bd7 9. f4 h6 10. Bh4 Be7 11. Nf3 Qc7 12. Kb1 0-0-0 13. Bd3 Kb8 14. Bf2 Qa5 15. Rhe1 Ne8 16. Qe3 Nc7 17. Nd2 Nb5 18. Nxb5 axb5 19. Qb6 Rc8 20. Bxb5 Bd8 21. Qxa5 Bxa5 22. c3 Bc7 23. Nc4 e5 24. f5 g6 25. Nxd6 1-0

[Event "Budapest Spring op 18th"]
[Site "Budapest"]
[Date "2002.03.23"]
[Round "9"]
[White "Puschmann, Laszlo"]
[Black "Boros, Denes"]
[Result "1-0"]
[WhiteElo "2273"]
[BlackElo "2240"]
[PlyCount "105"]
[EventDate "2002.03.15"]
[EventType "swiss"]
[EventRounds "9"]
[EventCountry "HUN"]
[SourceTitle "CBM 087 Extra"]
[Source "ChessBase"]
[SourceDate "2002.05.03"]
[SourceVersion "2"]
[SourceVersionDate "2002.08.09"]
[SourceQuality "1"]

1. d4 Nf6 2. c3 g6 3. g3 Bg7 4. Bg2 0-0 5. e4 c5 6. d5 d6 7. Ne2 e6 8. 0-0 exd5 9. exd5 Bf5 10. Nf4 Nbd7 11. h3 Ne5 12. g4 Bxb1 13. Rxb1 b5 14. Nd3 Nxd3 15. Qxd3 c4 16. Qg3 Re8 17. Bf4 Bf8 18. Rfe1 Qb6 19. Be3 Qa5 20. Bd4 Nd7 21. a3 Qc7 22. Re3 a5 23. Rbe1 Rxe3 24. Qxe3 Qb7 25. h4 b4 26. axb4 axb4 27. h5 bxc3 28. bxc3 Qb2 29. Kh2 Ne5 30. Kg3 Qc2 31. Be4 Nd3 32. hxg6 hxg6 33. Rh1 Bg7 34. Bxg7 Kxg7 35. Qd4+ f6 36. g5 Rf8 37. gxf6+ Rxf6 38. Qa7+ Kg8 39. Qa8+ Rf8 40. Rh8+ Kxh8 41. Qxf8+ Kh7 42. Qf7+ Kh8 43. Qe8+ Kg7 44. Qxg6+ Kf8 45. Qxd6+ Kg7 46. Qg6+ Kf8 47. Qf6+ Kg8 48. d6 Qb1 49. Qg6+ Kf8 50. Qh6+ Ke8 51. Bc6+ Kf7 52. Bd5+ Ke8 53. Qe6+ 1-0

[Event "Budapest Spring op 18th"]
[Site "Budapest"]
[Date "2002.03.17"]
[Round "3"]
[White "Puschmann, Laszlo"]
[Black "Kolus, Lajos"]
[Result "0-1"]
[WhiteElo "2273"]
[BlackElo "2200"]
[PlyCount "97"]
[EventDate "2002.03.15"]
[EventType "swiss"]
[EventRounds "9"]
[EventCountry "HUN"]
[SourceTitle "CBM 087 Extra"]
[Source "ChessBase"]
[SourceDate "2002.05.03"]
[SourceVersion "2"]
[SourceVersionDate "2002.08.09"]
[SourceQuality "1"]

1. Nf3 Nf6 2. d4 d5 3. Bf4 c5 4. e3 Qb6 5. Nc3 e6 6. Nb5 Na6 7. a4 Bd7 8. Ne5 c4 9. Nxd7 Nxd7 10. c3 Be7 11. Be2 0-0 12. 0-0 Nf6 13. Qc2 Ne8 14. e4 Qc6 15. Bf3 Nf6 16. e5 Ne8 17. b4 Nac7 18. Na3 Qd7 19. b5 g6 20. Nxc4 dxc4 21. Bxb7 Rb8 22. Bc6 Qd8 23. Bh6 Ng7 24. Qe2 Nd5 25. Qxc4 Rc8 26. Bd2 Nf5 27. Qd3 Bg5 28. f4 Bh6 29. a5 Nfe7 30. Bb7 Rc7 31. a6 Nb6 32. Rab1 Bg7 33. Rfc1 Rc4 34. Rb3 Qc7 35. Rf1 Rd8 36. Rf3 Rd7 37. Be1 Ra4 38. Qe2 Qc4 39. Qb2 Rc7 40. Be4 Rc8 41. Bd3 Qd5 42. Qb1 Qd7 43. Bc2 Rac4 44. Bd3 R4c7 45. Be4 Nbd5 46. g4 Nxc3 47. Qd3 Nxe4 48. Qxe4 Nd5 49. Kg2 0-1

[Event "Budapest FS06 FM"]
[Site "Budapest"]
[Date "2001.06.09"]
[Round "8"]
[White "Dobos, Otto"]
[Black "Puschmann, Laszlo"]
[Result "0-1"]
[WhiteElo "2147"]
[BlackElo "2291"]
[PlyCount "150"]
[EventDate "2001.06.02"]
[EventType "tourn"]
[EventRounds "13"]
[EventCountry "HUN"]
[SourceTitle "CBM 082 Extra"]
[Source "ChessBase"]
[SourceDate "2001.07.03"]
[SourceVersion "1"]
[SourceVersionDate "2001.07.03"]
[SourceQuality "1"]

1. d4 c5 2. e3 d5 3. c3 e6 4. f4 Nc6 5. Nf3 Nf6 6. Bd3 c4 7. Be2 Rb8 8. 0-0 b5 9. Ne5 Qc7 10. a3 Bd6 11. Nd2 0-0 12. Bf3 Na5 13. Ng4 Nxg4 14. Bxg4 f5 15. Bf3 g5 16. g3 g4 17. Bg2 Rf7 18. Rf2 h5 19. h4 Bd7 20. Rb1 Be8 21. Bf1 Rc8 22. Be2 Rg7 23. Qf1 a6 24. Bd1 Qd8 25. Bc2 Nb7 26. Qe1 a5 27. Nf1 Qe7 28. Bd2 Nd8 29. Ra1 Rb8 30. Bc1 b4 31. Bd1 bxa3 32. bxa3 Qf8 33. Rb2 Rxb2 34. Bxb2 Rb7 35. Qd2 Rb6 36. Qc1 a4 37. Bc2 Bc6 38. Ra2 Nb7 39. Qd1 Qe8 40. Qc1 Na5 41. Nd2 Bb5 42. Ra1 Qc8 43. Qd1 Nb3 44. Nxb3 axb3 45. Bb1 Ra6 46. Qc1 Be7 47. Kf2 Ra7 48. Qh1 Qf8 49. Qc1 Kh8 50. Kg2 Ba4 51. Qh1 Kh7 52. Kf2 Bc6 53. Qc1 Kh6 54. Kg2 Bxh4 55. gxh4 g3 56. Qd2 Qd8 57. Bxf5 exf5 58. Rh1 Qe8 59. Rh3 Qe4+ 60. Kxg3 Rg7+ 61. Kh2 Rg4 62. Qf2 Qd3 63. Rf3 Qb1 64. Rh3 Kg6 65. Rg3 Kf7 66. Rxg4 fxg4 67. Kg3 Bd7 68. Qg2 Qe1+ 69. Qf2 Qxf2+ 70. Kxf2 Kf6 71. e4 dxe4 72. d5 Kf5 73. Ke3 g3 74. Bc1 Kg4 75. Kxe4 g2 0-1